header

Psychology of power (Record no. 76179)

MARC details
000 -LEADER
fixed length control field 01382nam a2200361Ia 4500
082 04 - DEWEY DECIMAL CLASSIFICATION NUMBER
Classification number 155.9/2
245 00 - TITLE STATEMENT
Title Psychology of power
260 ## - PUBLICATION, DISTRIBUTION, ETC. (IMPRINT)
Place of publication New York :
Name of publisher Nova Science Publishers,
Year of publication c2012.
300 ## - PHYSICAL DESCRIPTION
Number of Pages x, 158 p. :
Other physical details ill.
490 1# - SERIES STATEMENT
Series statement Psychology of emotions, motivations and actions
650 #0 - SUBJECT ADDED ENTRY--TOPICAL TERM
Topical Term Authority.
Topical Term Control (Psychology)
700 1# - ADDED ENTRY--PERSONAL NAME
Personal name Fry, Quentin G.
Personal name O'Donnell, Curt.
856 40 - ELECTRONIC LOCATION AND ACCESS
Uniform Resource Identifier http://site.ebrary.com/lib/rucke/Doc?id=10654877

No items available.

© 2026 Rongo University
Contact us: librarian | system librarian | Rongo university